[Event "Asian-ch Amateur"]
[Site "Isfahan"]
[Date "2016.11.15"]
[Round "6.7"]
[White "Saberi, Mahan"]
[Black "Kalantari, B."]
[Result "1/2-1/2"]
[WhiteElo "1901"]
[BlackElo "2067"]
[PlyCount "88"]
[EventDate "2016.11.12"]
[EventType "swiss"]
[EventRounds "9"]
[EventCountry "IRI"]
[SourceTitle "EXT 2024"]
[Source "ChessBase"]
[SourceDate "2023.10.10"]
[SourceVersion "1"]
[SourceVersionDate "2023.10.10"]
[SourceQuality "1"]

1. e4 e5 2. Nf3 Nc6 3. Bc4 Be7 4. 0-0 Nf6 5. d3 d6 6. c3 0-0 7. Nbd2 a6 8. a4 Be6 9. Re1 Qd7 10. Bb3 Bxb3 11. Qxb3 Na5 12. Qc2 c5 13. Nf1 Nc6 14. Bg5 h6 15. Bxf6 Bxf6 16. Ne3 Ne7 17. Rad1 Rac8 18. Qb3 b5 19. d4 bxa4 20. Qa3 Qb5 21. Ng4 exd4 22. Nxf6+ gxf6 23. cxd4 Qb3 24. Rd3 Qxa3 25. Rxa3 Rb8 26. Rxa4 Rxb2 27. Rxa6 Rc8 28. Rxd6 c4 29. Rc1 c3 30. Kf1 Kg7 31. g4 Ra8 32. Rxc3 Raa2 33. Kg2 Ng6 34. Re3 Rxf2+ 35. Kh3 Rg2 36. e5 fxe5 37. dxe5 Nf4+ 38. Kh4 Ra4 39. Rd4 Ng6+ 40. Kh3 Rxd4 41. Nxd4 Nf4+ 42. Kh4 Ng6+ 43. Kh3 Nf4+ 44. Kh4 Ng6+ 1/2-1/2

[Event "Rasht op"]
[Site "Rasht"]
[Date "2015.08.15"]
[Round "2"]
[White "Saberi, Mahan"]
[Black "Behmardi, Kalantari Rustam"]
[Result "0-1"]
[WhiteElo "1895"]
[BlackElo "2297"]
[PlyCount "80"]
[EventDate "2015.08.14"]
[EventType "swiss"]
[EventRounds "11"]
[EventCountry "IRI"]
[SourceTitle "EXT 2016"]
[Source "ChessBase"]
[SourceDate "2015.10.08"]
[SourceVersion "1"]
[SourceVersionDate "2015.10.08"]
[SourceQuality "1"]

1. e4 e5 2. Nf3 Nc6 3. Bc4 Be7 4. 0-0 Nf6 5. Re1 d6 6. d3 Na5 7. Bb3 0-0 8. Nbd2 Nxb3 9. axb3 Re8 10. Nf1 Bf8 11. Ng3 g6 12. h3 Bg7 13. Be3 a6 14. Qd2 c6 15. Bh6 Qe7 16. Bxg7 Kxg7 17. d4 Ng8 18. Rad1 Nh6 19. Re3 f6 20. dxe5 dxe5 21. Rd3 Nf7 22. Nh2 Be6 23. Nhf1 a5 24. Ne3 Qb4 25. Qe2 a4 26. Qd2 Qxd2 27. R1xd2 axb3 28. cxb3 Red8 29. Kf1 Bxb3 30. Ke2 Be6 31. Rxd8 Nxd8 32. Kd3 Kf7 33. Ne2 Ke7 34. h4 Bf7 35. g3 Ne6 36. Nd1 Nc5+ 37. Ke3 Nb3 38. Rd3 b5 39. Rc3 Ra1 40. Rd3 Bc4 0-1

[Event "Gorgan Fajr Cup"]
[Site "Gorgan"]
[Date "2015.01.30"]
[Round "5"]
[White "Paeinmahalli, Ali"]
[Black "Saberi, Mahan"]
[Result "0-1"]
[WhiteElo "1640"]
[BlackElo "1955"]
[PlyCount "92"]
[EventDate "2015.01.28"]
[EventType "swiss"]
[EventRounds "9"]
[EventCountry "IRI"]
[SourceTitle "EXT 2016"]
[Source "ChessBase"]
[SourceDate "2015.10.08"]
[SourceVersion "1"]
[SourceVersionDate "2015.10.08"]
[SourceQuality "1"]

1. e4 c5 2. c3 Nf6 3. e5 Nd5 4. d4 cxd4 5. cxd4 d6 6. exd6 Qxd6 7. Nc3 Nxc3 8. bxc3 g6 9. Nf3 Bg7 10. Bd3 0-0 11. 0-0 Nc6 12. Re1 e5 13. dxe5 Nxe5 14. Nd4 Ng4 15. g3 Bxd4 16. cxd4 Qxd4 17. Be3 Nxe3 18. fxe3 Qd5 19. Qc2 Re8 20. Rad1 Qe5 21. Bc4 Be6 22. Bxe6 Qxe6 23. Qf2 Rac8 24. Re2 Rc5 25. e4 b6 26. Rde1 Re5 27. Qf3 Qc4 28. g4 a5 29. h4 h5 30. g5 b5 31. Qb3 Qc8 32. Rf1 Qb8 33. Ree1 b4 34. Qd3 Qc8 35. Qf3 Qe6 36. Rf2 Re7 37. Rfe2 Rc7 38. Rd1 Rc4 39. Rd8+ Kg7 40. Rf2 Rexe4 41. Qf6+ Qxf6 42. gxf6+ Kh7 43. Rd7 Rg4+ 44. Kf1 Rc1+ 45. Ke2 Rc2+ 46. Kf3 Rxf2+ 0-1

[Event "Wch U10"]
[Site "Al Ain"]
[Date "2013.12.24"]
[Round "8"]
[White "Saberi, Mahan"]
[Black "Sanz Wawer, Daniel"]
[Result "0-1"]
[WhiteElo "1836"]
[BlackElo "1550"]
[PlyCount "66"]
[EventDate "2013.12.18"]
[EventType "swiss"]
[EventRounds "11"]
[EventCountry "UAE"]
[SourceTitle "CBM 158 Extra"]
[Source "ChessBase"]
[SourceDate "2014.02.28"]
[SourceVersion "1"]
[SourceVersionDate "2014.02.28"]
[SourceQuality "1"]

1. e4 c5 2. Nf3 d6 3. d4 cxd4 4. Nxd4 Nf6 5. Nc3 g6 6. Be3 Bg7 7. f3 0-0 8. Qd2 Nc6 9. 0-0-0 d5 10. Kb1 Nxd4 11. e5 Nf5 12. exf6 Bxf6 13. Nxd5 Qxd5 14. Qxd5 Nxe3 15. Qd2 Nxd1 16. Qxd1 Be6 17. Bd3 Rfd8 18. Qe2 Rd4 19. g4 Rad8 20. h4 a5 21. h5 Rb4 22. b3 a4 23. hxg6 axb3 24. gxh7+ Kh8 25. cxb3 Bxb3 26. axb3 Rxb3+ 27. Kc2 Rb2+ 28. Kd1 Rb1+ 29. Kc2 Rxh1 30. f4 Rh3 31. Bf5 Ra8 32. Qe4 Rh2+ 33. Kb3 Rb2+ 0-1

[Event "Wch U10"]
[Site "Al Ain"]
[Date "2013.12.22"]
[Round "6"]
[White "Saberi, Mahan"]
[Black "Lye, Lik Zang"]
[Result "1-0"]
[WhiteElo "1836"]
[BlackElo "1609"]
[PlyCount "95"]
[EventDate "2013.12.18"]
[EventType "swiss"]
[EventRounds "11"]
[EventCountry "UAE"]
[SourceTitle "CBM 158 Extra"]
[Source "ChessBase"]
[SourceDate "2014.02.28"]
[SourceVersion "1"]
[SourceVersionDate "2014.02.28"]
[SourceQuality "1"]

1. e4 d5 2. exd5 Qxd5 3. Nc3 Qa5 4. d4 Nf6 5. Nf3 Bf5 6. Bd2 c6 7. Bc4 e6 8. Qe2 Bb4 9. a3 0-0 10. 0-0 Bxc3 11. Bxc3 Qc7 12. Bd3 Bxd3 13. Qxd3 Nbd7 14. Rfe1 Rad8 15. Qe2 Nd5 16. Bd2 c5 17. c4 N5b6 18. dxc5 Nxc5 19. Bb4 Rfe8 20. Rad1 Nb3 21. Qe3 Rxd1 22. Rxd1 Qxc4 23. Ne5 Qc2 24. Re1 f6 25. Nf3 Qxb2 26. Qd3 Nc1 27. Qb5 Kf7 28. Rd1 Ne2+ 29. Kf1 Nc3 30. Rd7+ Kg8 31. Rxg7+ Kxg7 32. Bf8+ Kxf8 33. Qxb2 Ncd5 34. g4 Rd8 35. g5 a5 36. gxf6 Rd7 37. Ng5 Nc4 38. Qb5 Nd2+ 39. Kg1 Rd6 40. Nxh7+ Kg8 41. Qe8+ Kxh7 42. Qh5+ Kg8 43. Qg6+ Kf8 44. Qg7+ Ke8 45. f7+ Kd7 46. f8Q+ Kc6 47. Qc8+ Kb6 48. Qgxb7# 1-0